[Event "IND-ch U15 Girls 38th"]
[Site "New Delhi"]
[Date "2022.12.01"]
[Round "5"]
[White "Aditi, Raj"]
[Black "Sagar, Siya"]
[Result "1-0"]
[WhiteElo "1390"]
[BlackElo "1611"]
[PlyCount "97"]
[EventDate "2022.11.28"]
[EventType "swiss"]
[EventRounds "11"]
[EventCountry "IND"]
[SourceTitle "CBM 211 Extra"]
[Source "ChessBase"]
[SourceDate "2023.01.31"]
[SourceVersion "1"]
[SourceVersionDate "2023.01.31"]
[SourceQuality "1"]

1. e4 e5 2. Nf3 Nc6 3. Bc4 Bc5 4. Nc3 Nf6 5. d3 d6 6. h3 Na5 7. Bb3 Nxb3 8. axb3 Be6 9. Na4 Bb6 10. Nxb6 axb6 11. Bg5 h6 12. Bxf6 gxf6 13. Nh4 Ke7 14. Nf5+ Bxf5 15. exf5 Qd7 16. g4 Qc6 17. Kd2 Qc5 18. Qf3 d5 19. c3 c6 20. Qe2 Qb5 21. Kc2 Ra5 22. Qe3 Qa6 23. Rxa5 Qxa5 24. d4 Kd6 25. Re1 e4 26. f3 Qa8 27. fxe4 Qe8 28. e5+ fxe5 29. dxe5+ Kc7 30. Qf4 Kc8 31. e6 f6 32. Qd4 Qe7 33. Qxb6 Qc7 34. Qxc7+ Kxc7 35. e7 Kd7 36. Re6 c5 37. Rxf6 Kxe7 38. Rb6 Kf7 39. Rxb7+ Kf6 40. h4 Ke5 41. b4 cxb4 42. Rxb4 Rg8 43. Kd3 h5 44. gxh5 Kxf5 45. Rb5 Ke6 46. h6 Rh8 47. Kd4 Rh7 48. h5 Rh8 49. Rb6+ 1-0